Building cost planning for the design team (Record no. 115734)

MARC details
000 -LEADER
fixed length control field 02012cam a2200349 4500
001 - CONTROL NUMBER
control field L159195
008 - FIXED-LENGTH DATA ELEMENTS--GENERAL INFORMATION
fixed length control field 061208n2016 000 0 eng u
020 ## - INTERNATIONAL STANDARD BOOK NUMBER
International Standard Book Number 9781138907379
035 ## - SYSTEM CONTROL NUMBER
System control number (Sirsi) u159195
041 0# - LANGUAGE CODE
Language code of text/sound track or separate title eng
050 04 - LIBRARY OF CONGRESS CALL NUMBER
Classification number 658.1552
100 1# - MAIN ENTRY--PERSONAL NAME
Personal name Smith, Jim
245 00 - TITLE STATEMENT
Title Building cost planning for the design team
250 ## - EDITION STATEMENT
Edition statement 3rd ed.
260 ## - PUBLICATION, DISTRIBUTION, ETC.
Place of publication, distribution, etc. Oxon
Name of publisher, distributor, etc. Routledge
Date of publication, distribution, etc. 2016
300 ## - PHYSICAL DESCRIPTION
Extent 388p.
Dimensions 24cm
350 ## - PRICE (NR) (BK AM CF MU VM SE) [OBSOLETE]
Price 39.99
505 0# - FORMATTED CONTENTS NOTE
Formatted contents note Building and construction industry characteristics -- The development process -- Design economics -- An overview of cost-planning stages -- Sources of building cost data -- Building information modelling -- Cost planning the pre-stage (briefing) stage -- Cost planning the concept design (outline proposals) stage -- Cost planning the development design (sketch design) stage -- Cost planning the technical design (documentation) stage
520 ## - SUMMARY, ETC.
Summary, etc. Considers building cost planning and cost control from the client and the design team's perspective, where all decisions whether concerned with design, cost, quality, time, value or sustainability are taken as being interrelated. Follows the building design cost planning process from the crucial inception stages and then through all the design stages to the completion of the technical design, contract documentation and the tender. It provides a template for good cost planning practice. An addition to this third edition is the introduction of integrated design and documentation processes captured in building information modelling (BIM), on-line cost databases and computerised methods of cost planning.
590 ## - LOCAL NOTE (RLIN)
Local note KA
650 24 - SUBJECT ADDED ENTRY--TOPICAL TERM
Topical term or geographic name entry element COST CONTROL
650 24 - SUBJECT ADDED ENTRY--TOPICAL TERM
Topical term or geographic name entry element BIM
9 (RLIN) 6219
650 24 - SUBJECT ADDED ENTRY--TOPICAL TERM
Topical term or geographic name entry element BUILT ENVIRONMENT-QUANTITY SURVEYING-CONSTRUCTION COST ESTIMATING
651 #4 - SUBJECT ADDED ENTRY--GEOGRAPHIC NAME
Geographic name International
690 ## - LOCAL SUBJECT ADDED ENTRY--TOPICAL TERM (OCLC, RLIN)
Topical term or geographic name as entry element BUILT ENVIRONMENT-BUILDING COSTS
690 ## - LOCAL SUBJECT ADDED ENTRY--TOPICAL TERM (OCLC, RLIN)
Topical term or geographic name as entry element Cost management
9 (RLIN) 6233
700 1# - ADDED ENTRY--PERSONAL NAME
Personal name Jaggar, David
700 1# - ADDED ENTRY--PERSONAL NAME
Personal name Love, Peter
700 1# - ADDED ENTRY--PERSONAL NAME
Personal name Olatunje, O. A.
942 ## - ADDED ENTRY ELEMENTS (KOHA)
Suppress in OPAC 0
Holdings
Withdrawn status Lost status Source of classification or shelving scheme Damaged status Not for loan Home library Current library Shelving location Date acquired Total Checkouts Full call number Barcode Date last seen Copy number Price effective from Koha item type
    Dewey Decimal Classification     London London Books 15/03/2016   658.1552 SMI 30078867 06/08/2019 1 06/08/2019 Book